| 000 | 00510 a2200181 4500 | ||
|---|---|---|---|
| 003 | OSt | ||
| 005 | 20240202152356.0 | ||
| 008 | 240202b |||||||| |||| 00| 0 eng d | ||
| 020 | _a97881192892363 | ||
| 040 | _coclc | ||
| 082 |
_a923.6 _bTHA/O |
||
| 100 |
_aSen, G. Prajesh _910364 |
||
| 245 |
_aOduvilathe Koottu / _cAshraf Thamarassery |
||
| 250 | _a2snd ed. | ||
| 260 |
_aKozhikode: _bLIPI PUBLICATIONS, _c2023. |
||
| 300 | _a128P. | ||
| 942 |
_2ddc _cBK _h923.6 _iTHA/O _k923.6 _mTHA/O |
||
| 999 |
_c44263 _d44263 |
||